| 000 | 00431nam a2200133Ia 4500 | ||
|---|---|---|---|
| 008 | 170221s9999 xx 000 0 und d | ||
| 245 | 4 | _aThe Mediating Role of Visual-Verbal Redundancy on the Perceived Effectiveness of Antismoking Messages | |
| 260 | _bThe Open Communication Journal | ||
| 260 | _c2012 | ||
| 300 | _a6 : | ||
| 650 | _xCommunication | ||
| 650 | _xMedia Arts | ||
| 856 | _uhttps://benthamopen.com/TOCOMMJ/VOLUME/6/ | ||
| 999 |
_c307327 _d307327 |
||